[Event "66th ch-RUS HL"]
[Site "Yekaterinburg RUS"]
[Date "2013.06.26"]
[Round "6.21"]
[White "Moiseenko, Vadim"]
[Black "Korniushin, Nikolay"]
[Result "0-1"]
[WhiteTitle "IM"]
[BlackTitle "IM"]
[WhiteElo "2473"]
[BlackElo "2373"]
[WhiteFideId "4123700"]
[BlackFideId "4123808"]
[EventDate "2013.06.20"]

1. e4 e6 2. d4 d5 3. Nd2 c5 4. Ngf3 cxd4 5. exd5 Qxd5 6. Bc4 Qd6 7. O-O Nf6 8.
Nb3 a6 9. Re1 Qc7 10. Bd3 Nc6 11. Nbxd4 Nxd4 12. Nxd4 Bd6 13. h3 O-O 14. c3 Qc5
15. Nb3 Qc7 16. Bg5 Nd5 17. Bc2 f6 18. Bd2 e5 19. Qf3 Ne7 20. Rad1 Rd8 21. Qh5
f5 22. Bg5 Rf8 23. Nd2 Be6 24. Bb3 Bxb3 25. axb3 b5 26. Nf3 Nc6 27. Rd5 e4 28.
Nh4 Be5 29. Rc5 Qd6 30. b4 g6 31. Qd1 Qe6 32. Qd5 Qxd5 33. Rxd5 Bg7 34. f3 Rae8
35. Rd6 Nb8 36. g4 Be5 37. Rb6 Bg3 38. Re3 fxg4 39. hxg4 Bxh4 40. Bxh4 exf3 41.
Rxe8 Rxe8 42. Bg3 Nd7 43. Rxa6 Re2 44. Kf1 Rg2 45. Bc7 Kf7 46. Rd6 Ne5 47. g5
Ke7 48. b3 Rc2 49. Rd4 Nf7 50. c4 Ke6 51. Re4+ Kd7 52. Bf4 Rg2 53. Rd4+ Kc6 54.
Rd5 Rg4 55. Rc5+ Kd7 56. Rc7+ Ke6 57. Be3 Ne5 58. cxb5 Rxb4 59. b6 Rxb3 60. b7
Nd3 61. Kg1 Rb1+ 62. Kh2 f2 63. Rc6+ Kd5 64. Rb6 Rh1+ 65. Kg3 f1=Q 66. Rd6+ Ke5
67. Bd4+ Ke4 0-1

[Event "66th ch-RUS HL"]
[Site "Yekaterinburg RUS"]
[Date "2013.06.26"]
[Round "6.22"]
[White "Kozlitin, Roman"]
[Black "Airapetian, Gor"]
[Result "1/2-1/2"]
[WhiteTitle "FM"]
[BlackTitle "IM"]
[WhiteElo "2361"]
[BlackElo "2448"]
[WhiteFideId "4142845"]
[BlackFideId "4177916"]
[EventDate "2013.06.20"]

1. e4 c6 2. Nf3 d5 3. Nc3 Bg4 4. h3 Bxf3 5. Qxf3 e6 6. d3 Nd7 7. exd5 cxd5 8. d4
Ngf6 9. Bd3 Bd6 10. O-O O-O 11. Bf4 Bxf4 12. Qxf4 Qb6 13. Rab1 Rac8 14. Rfe1
Rfe8 15. Ne2 Qc7 16. Qxc7 Rxc7 17. c3 Nb6 18. Nc1 Nc4 19. Nb3 Nd6 20. g4 h6 21.
Kg2 g6 22. a4 Nc4 23. Re2 Kg7 24. f3 b6 25. Kg3 Nd7 26. Nd2 Nd6 27. f4 Nf6 28.
h4 h5 29. g5 Ng8 30. Nf3 Ne7 31. Ne5 Nef5+ 32. Kh3 a6 33. Bxa6 Ra8 34. Bb5 Nxb5
35. axb5 Nd6 36. Nd3 Nxb5 37. f5 exf5 38. Nf4 Rd7 39. Re5 Nc7 40. Rbe1 Kf8 41.
Kg2 Ra2 42. R1e2 Ra8 1/2-1/2

[Event "66th ch-RUS HL"]
[Site "Yekaterinburg RUS"]
[Date "2013.06.26"]
[Round "6.23"]
[White "Ulanov, Alexandr"]
[Black "Kruchev, Boris"]
[Result "1/2-1/2"]
[WhiteTitle "IM"]
[BlackTitle "FM"]
[WhiteElo "2425"]
[BlackElo "2272"]
[WhiteFideId "24107646"]
[BlackFideId "4179714"]
[EventDate "2013.06.20"]

1. e4 e5 2. Nf3 Nc6 3. d4 exd4 4. Bc4 Nf6 5. e5 d5 6. Bb5 Ne4 7. Nxd4 Bd7 8.
Bxc6 bxc6 9. O-O Bc5 10. f3 Ng5 11. f4 Ne4 12. Be3 O-O 13. Nd2 Nxd2 14. Qxd2 f6
15. Nb3 Bb6 16. Bc5 Rf7 17. Rae1 fxe5 18. fxe5 Rxf1+ 19. Rxf1 Qe7 20. Qd4 Re8
21. Bxe7 Bxd4+ 22. Nxd4 Rxe7 23. e6 Bxe6 24. Re1 Kf7 25. Nxc6 Re8 26. Nxa7 Bd7
27. Rxe8 Kxe8 28. b4 Ba4 29. Kf2 Kd7 30. Ke3 c5 31. c4 dxc4 32. b5 Kc7 33. Kd2
Kb7 34. Nc6 Kc7 35. Na7 Kb6 36. Nc8+ Kc7 37. Ne7 Bxb5 38. Kc3 Kd7 39. Nf5 g6 40.
Ne3 Ke6 41. Nxc4 Kd5 42. Nb2 g5 43. a4 Bf1 44. g3 Ba6 45. Nd3 Bc8 46. Nf2 Bd7
47. a5 Bc8 48. Nd3 Ba6 49. Nf2 Bc8 50. Nd3 Kc6 51. Ne5+ Kb5 52. Nf7 Kxa5 53.
Nxg5 Bf5 54. Nf7 Kb6 55. Nd6 Be6 56. Ne4 Kc6 57. Ng5 Bf5 58. g4 Bb1 59. h4 Kd5
60. h5 Ke5 61. Kc4 Kd6 62. Nf7+ Kc6 63. Nd8+ 1/2-1/2

[Event "66th ch-RUS HL"]
[Site "Yekaterinburg RUS"]
[Date "2013.06.26"]
[Round "6.24"]
[White "Yuferev, Oleg"]
[Black "Khegay, Dmitriy"]
[Result "0-1"]
[WhiteTitle "FM"]
[BlackTitle "FM"]
[WhiteElo "2284"]
[BlackElo "2349"]
[WhiteFideId "4131720"]
[BlackFideId "24153729"]
[EventDate "2013.06.20"]

1. Nf3 d6 2. d4 Nf6 3. c4 g6 4. Nc3 Bf5 5. Qb3 b6 6. h3 Bg7 7. g4 Bd7 8. e4 O-O
9. Be2 c5 10. e5 dxe5 11. dxe5 Ne8 12. Nd5 Nc6 13. Bg5 Nc7 14. O-O-O Nxd5 15.
cxd5 Nxe5 16. Qe3 Nxf3 17. Bxf3 Bd4 18. Rxd4 cxd4 19. Qxd4 e5 20. Bxd8 exd4 21.
Bf6 Bb5 22. Kd2 Rac8 23. Be4 Rfe8 24. f3 Rc7 25. d6 Rd7 26. Be7 Rdxe7 27. dxe7
Rxe7 28. Rc1 Ba6 29. g5 Kg7 30. h4 h6 31. b4 hxg5 32. hxg5 Bb5 33. a3 Re5 34.
Rg1 Re8 35. a4 Bxa4 36. Ra1 b5 37. Kd3 Rd8 38. f4 Bb3 39. Rxa7 Bc4+ 40. Kd2 Rh8
41. Ra6 Rh2+ 42. Kc1 Rh4 43. Rf6 d3 44. Kd2 Rh2+ 45. Ke3 Re2+ 46. Kf3 Rb2 47.
Ke3 Rxb4 48. f5 gxf5 49. Bxf5 Rb2 50. Rd6 Rg2 51. g6 fxg6 52. Be4 Rg1 53. Kf2
Rg5 54. Bxd3 Bxd3 55. Rxd3 Rf5+ 56. Ke3 b4 57. Rb3 Rb5 58. Kd4 g5 59. Kc4 Rb8
60. Kd5 Kg6 61. Ke4 Rb5 62. Ke3 Kf5 63. Kf3 Ke5 64. Ke3 Kd5 65. Kd3 Kc5 66. Rb1
b3 67. Rg1 Kb4 0-1

[Event "66th ch-RUS HL"]
[Site "Yekaterinburg RUS"]
[Date "2013.06.26"]
[Round "6.25"]
[White "Ovod, Evgenija"]
[Black "Shishigin, Dmitry"]
[Result "1-0"]
[WhiteTitle "IM"]
[WhiteElo "2387"]
[BlackElo "2230"]
[WhiteFideId "4131827"]
[BlackFideId "24104353"]
[EventDate "2013.06.20"]

1. Nf3 d5 2. d4 c5 3. dxc5 Nf6 4. c3 e6 5. b4 a5 6. Qb3 Be7 7. a3 O-O 8. Nbd2
Nc6 9. Bb2 b6 10. cxb6 Qxb6 11. e3 Rb8 12. b5 a4 13. Qxa4 Na7 14. c4 Nd7 15. Qc2
dxc4 16. a4 Bb7 17. Nxc4 Qc7 18. Bd3 Bb4+ 19. Ke2 f5 20. b6 1-0

[Event "66th ch-RUS HL"]
[Site "Yekaterinburg RUS"]
[Date "2013.06.27"]
[Round "7.1"]
[White "Inarkiev, Ernesto"]
[Black "Shomoev, Anton"]
[Result "0-1"]
[WhiteTitle "GM"]
[BlackTitle "GM"]
[WhiteElo "2680"]
[BlackElo "2565"]
[WhiteFideId "4162722"]
[BlackFideId "4135148"]
[EventDate "2013.06.20"]

1. e4 c5 2. Nf3 d6 3. d4 cxd4 4. Nxd4 Nf6 5. Nc3 a6 6. Be3 e6 7. Be2 Qc7 8. Qd2
b5 9. f3 Nbd7 10. a3 Ne5 11. O-O-O Be7 12. Ndxb5 axb5 13. Nxb5 Qc6 14. Nxd6+ Kf8
15. Qd4 Ned7 16. Qc4 Qxc4 17. Bxc4 Ba6 18. Bxa6 Rxa6 19. Nc4 Rc6 20. Na5 Ra6 21.
Nc4 Rc6 22. Na5 Ra6 23. Nb3 Bd6 24. Nd4 Ke7 25. Nb5 Bc5 26. Bxc5+ Nxc5 27. b3
Rb8 28. a4 Nfd7 29. Kd2 Rc8 30. Ra1 Ne5 31. Rhd1 g5 32. h3 h5 33. Ke3 h4 34. Rd4
Ncd7 35. Ra2 Ng6 36. a5 Nf4 37. c3 Rc5 38. Rb4 Ne5 39. c4 Nfd3 40. Rba4 Rc8 41.
Nd4 Rd8 42. Rc2 Nc5 43. Raa2 Nxb3 44. Nxb3 Rd3+ 45. Ke2 Rxb3 46. Ra4 Nc6 47.
Rca2 Kd6 48. Rd2+ Kc7 49. Rda2 Rb4 50. Rxb4 Nxb4 51. Rb2 Nc6 52. f4 gxf4 53. Kf3
Ne5+ 0-1

[Event "66th ch-RUS HL"]
[Site "Yekaterinburg RUS"]
[Date "2013.06.27"]
[Round "7.6"]
[White "Alekseev, Evgeny"]
[Black "Khismatullin, Denis"]
[Result "1-0"]
[WhiteTitle "GM"]
[BlackTitle "GM"]
[WhiteElo "2714"]
[BlackElo "2658"]
[WhiteFideId "4138147"]
[BlackFideId "4142578"]
[EventDate "2013.06.20"]

1. e4 c5 2. Nf3 d6 3. d4 cxd4 4. Qxd4 Nf6 5. Bb5+ Bd7 6. c4 g6 7. Nc3 Bg7 8. O-O
O-O 9. Qd3 Bg4 10. Nd4 a6 11. Ba4 Nbd7 12. Bxd7 Nxd7 13. b3 Nc5 14. Qe3 Bd7 15.
Bb2 b5 16. cxb5 axb5 17. Rfd1 Re8 18. Qe2 Qb6 19. Nd5 Qb7 20. f3 b4 21. Qd2 Rab8
22. Ne2 e5 23. Ng3 Be6 24. Nf1 f5 25. exf5 gxf5 26. Nfe3 f4 27. Nc4 Red8 28. Kh1
Kh8 29. Rac1 Bf5 30. Nxb4 e4 31. Bxg7+ Qxg7 32. Qxf4 Rf8 33. Qxd6 exf3 34. gxf3
Ne4 35. Qd4 Qxd4 36. Rxd4 Ng5 37. Nc6 Nxf3 38. Rf4 Rbe8 39. Nd6 Re2 40. Rxf3 Be4
41. Nxe4 Rxf3 42. Nd4 1-0

[Event "66th ch-RUS HL"]
[Site "Yekaterinburg RUS"]
[Date "2013.06.27"]
[Round "7.8"]
[White "Najer, Evgeniy"]
[Black "Khairullin, Ildar"]
[Result "1/2-1/2"]
[WhiteTitle "GM"]
[BlackTitle "GM"]
[WhiteElo "2633"]
[BlackElo "2658"]
[WhiteFideId "4118987"]
[BlackFideId "4151348"]
[EventDate "2013.06.20"]

1. e4 e5 2. Nf3 Nc6 3. d4 exd4 4. Nxd4 Qf6 5. Be3 Bc5 6. c3 Nge7 7. Bc4 Ne5 8.
Be2 d6 9. f4 Ng4 10. Bxg4 Qh4+ 11. Bf2 Qxg4 12. Qxg4 Bxg4 13. f5 Bh5 14. Nd2
O-O-O 15. O-O f6 16. Ne6 Bxf2+ 17. Rxf2 Rdg8 18. c4 Bf7 19. Nf4 Nc6 20. Rc1 Re8
21. Rc3 Ne5 22. h3 c6 23. b3 a5 24. Kh2 Kc7 25. Ne2 Re7 26. Rg3 Be8 27. Nf4 g5
28. fxg6 hxg6 29. Ne2 Nd7 30. Nd4 Rhh7 31. Kg1 g5 32. Nf5 Re6 33. Nd4 Re5 34.
N4f3 Ree7 35. Nh2 Bh5 36. h4 gxh4 37. Rh3 Bg6 38. Rf4 Nc5 39. Ng4 Nd7 40. Nf2
Re6 41. Rhxh4 Rxh4 1/2-1/2

[Event "66th ch-RUS HL"]
[Site "Yekaterinburg RUS"]
[Date "2013.06.27"]
[Round "7.9"]
[White "Popov, Ivan RUS"]
[Black "Lysyj, Igor"]
[Result "1/2-1/2"]
[WhiteTitle "GM"]
[BlackTitle "GM"]
[WhiteElo "2632"]
[BlackElo "2656"]
[WhiteFideId "4170350"]
[BlackFideId "4150120"]
[EventDate "2013.06.20"]

1. e4 e5 2. Nf3 Nc6 3. Bb5 Nf6 4. O-O Nxe4 5. d4 Nd6 6. Bxc6 dxc6 7. dxe5 Nf5 8.
Qxd8+ Kxd8 9. h3 Ke8 10. Nc3 h6 11. Re1 Bb4 12. Bd2 Be6 13. g4 Ne7 14. Ne4 Bxd2
15. Nfxd2 Ng6 16. Nc5 Rd8 17. Nxe6 fxe6 18. Nf3 h5 19. Kg2 Ke7 20. Kg3 h4+ 21.
Kg2 Rd5 22. Re3 c5 23. c4 Rd7 24. Rae1 Rf8 25. b3 b6 26. Kf1 a6 27. Ng5 Rd2 28.
R1e2 Rd1+ 29. Re1 Rd2 30. R1e2 Rd1+ 31. Re1 Rd2 1/2-1/2

[Event "66th ch-RUS HL"]
[Site "Yekaterinburg RUS"]
[Date "2013.06.27"]
[Round "7.10"]
[White "Panarin, Mikhail"]
[Black "Sjugirov, Sanan"]
[Result "1/2-1/2"]
[WhiteTitle "GM"]
[BlackTitle "GM"]
[WhiteElo "2565"]
[BlackElo "2647"]
[WhiteFideId "4153251"]
[BlackFideId "4189302"]
[EventDate "2013.06.20"]

1. e4 c5 2. Nf3 d6 3. d4 cxd4 4. Nxd4 Nf6 5. Nc3 a6 6. Bg5 e6 7. f4 Nbd7 8. Qe2
Qc7 9. O-O-O b5 10. a3 Bb7 11. g4 Be7 12. Bxf6 Nxf6 13. g5 Nd7 14. h4 g6 15. Bh3
Qc4 16. Qe1 b4 17. axb4 Qxb4 18. f5 e5 19. Nb3 a5 20. Nd5 Qxe1 21. Rhxe1 Bxd5
22. Rxd5 f6 23. Kb1 a4 24. Na5 fxg5 25. hxg5 gxf5 26. Nc4 f4 27. g6 hxg6 28.
Bxd7+ Kxd7 29. Nxe5+ Kc7 30. Nxg6 Rh7 31. Nxf4 a3 32. bxa3 Rxa3 33. Rd3 Rxd3 34.
cxd3 Rh2 35. Nd5+ Kd7 36. Rg1 Bd8 37. Kc1 Ba5 38. Rg6 Bd8 39. Ne3 Bb6 40. Nf5
Bc5 41. d4 Bb4 42. Rg3 Kc6 43. Rb3 Kb5 44. Ne3 Ka4 45. Rd3 Rh4 46. e5 dxe5 47.
dxe5 Re4 48. Nd5 Rxe5 49. Rd4 Re1+ 50. Kc2 Re2+ 51. Kc1 1/2-1/2

[Event "66th ch-RUS HL"]
[Site "Yekaterinburg RUS"]
[Date "2013.06.27"]
[Round "7.12"]
[White "Prizant, Jaroslav"]
[Black "Kokarev, Dmitry"]
[Result "1-0"]
[WhiteTitle "IM"]
[BlackTitle "GM"]
[WhiteElo "2515"]
[BlackElo "2639"]
[WhiteFideId "4140664"]
[BlackFideId "4132181"]
[EventDate "2013.06.20"]

1. e4 c5 2. Nf3 d6 3. d4 cxd4 4. Nxd4 Nf6 5. Nc3 a6 6. h3 e6 7. g4 Nfd7 8. Bg2
Be7 9. Be3 Nc6 10. h4 Qc7 11. g5 Nce5 12. f4 Nc4 13. Bc1 b5 14. f5 Nc5 15. a3
O-O 16. O-O Re8 17. h5 Bb7 18. fxe6 Nxe6 19. Nf5 Bxg5 20. Nd5 Qd8 21. b3 Ne5 22.
h6 gxh6 23. Nxd6 Bxd5 24. Nxe8 Qb6+ 25. Kh1 Bxe4 26. Bxe4 Rxe8 27. Bb2 Qe3 28.
Bxe5 Qxe4+ 29. Qf3 Qg6 30. Rae1 Rc8 31. Re2 Be7 32. Qb7 Re8 33. Bh2 Qh5 34. Qd7
Rf8 35. Qxe7 1-0

[Event "66th ch-RUS HL"]
[Site "Yekaterinburg RUS"]
[Date "2013.06.27"]
[Round "7.13"]
[White "Vokarev, Sergey"]
[Black "Vitiugov, Nikita"]
[Result "0-1"]
[WhiteTitle "GM"]
[BlackTitle "GM"]
[WhiteElo "2472"]
[BlackElo "2734"]
[WhiteFideId "4119711"]
[BlackFideId "4152956"]
[EventDate "2013.06.20"]

1. e4 g6 2. d4 Bg7 3. Nf3 d6 4. c3 Nf6 5. Bd3 O-O 6. O-O Re8 7. Bc2 Nc6 8. Na3
a6 9. Re1 Bg4 10. h3 Bxf3 11. Qxf3 e5 12. d5 Ne7 13. Nc4 Rf8 14. Ne3 Kh8 15. c4
Nfg8 16. Bd2 Qd7 17. g4 Bh6 18. Bc3 f6 19. b4 Bxe3 20. fxe3 f5 21. exf5 gxf5 22.
Rf1 fxg4 23. Qxg4 Qxg4+ 24. hxg4 Nh6 25. g5 Rg8 26. Kf2 Rxg5 27. Rg1 Rg4 28.
Rxg4 Nxg4+ 29. Kf3 h5 30. Rh1 Rf8+ 31. Kg3 Nxe3 32. Rxh5+ Kg8 33. Rg5+ Kf7 34.
Bd3 Kf6 35. Rh5 Rg8+ 36. Kf3 N3f5 37. Rh3 Rg1 38. Kf2 Rg4 39. Rf3 Rh4 40. Kg2
Rh5 41. Bd2 Rh4 42. Rf1 Rd4 0-1

[Event "66th ch-RUS HL"]
[Site "Yekaterinburg RUS"]
[Date "2013.06.27"]
[Round "7.14"]
[White "Voitsekhovsky, Stanislav"]
[Black "Ponkratov, Pavel"]
[Result "0-1"]
[WhiteTitle "GM"]
[BlackTitle "GM"]
[WhiteElo "2523"]
[BlackElo "2605"]
[WhiteFideId "4113470"]
[BlackFideId "4157800"]
[EventDate "2013.06.20"]

1. e4 e6 2. d4 d5 3. Nc3 Bb4 4. e5 c5 5. Qg4 Ne7 6. dxc5 Nbc6 7. Bd2 O-O 8. Nf3
Ng6 9. Bd3 Qc7 10. O-O Ngxe5 11. Bxh7+ Kxh7 12. Qh5+ Kg8 13. Ng5 Re8 14. Qh7+
Kf8 15. Qh8+ Ke7 16. Qxg7 Kd8 17. Rae1 Qe7 18. Rxe5 Nxe5 19. Qxe5 f6 20. Qg3 Rg8
21. h4 Bxc5 22. Re1 fxg5 23. Bxg5 Rxg5 24. hxg5 Bd6 25. Qh4 Qg7 26. Nb5 Bc5 27.
g6+ Kd7 28. Qh7 Bf8 29. Nd4 Kd6 30. Qh2+ e5 31. Nf3 Kc7 32. Nxe5 Bd6 33. Qh5 Be6
34. Nf7 Bxf7 35. gxf7 Rf8 36. Qxd5 Rxf7 37. Re3 Qf8 38. Qa5+ Kb8 39. Qb5 Be7 40.
Qe5+ Ka8 41. a3 a6 42. b4 Bd8 43. Re2 Rd7 44. c4 Qh6 45. Qe8 Qc6 46. Qe6 Rd1+
47. Kh2 Bc7+ 0-1

[Event "66th ch-RUS HL"]
[Site "Yekaterinburg RUS"]
[Date "2013.06.27"]
[Round "7.15"]
[White "Predke, Alexandr"]
[Black "Dvoirys, Semen I."]
[Result "1/2-1/2"]
[BlackTitle "GM"]
[WhiteElo "2492"]
[BlackElo "2533"]
[WhiteFideId "24107581"]
[BlackFideId "4100379"]
[EventDate "2013.06.20"]

1. d4 Nf6 2. c4 e6 3. Nc3 Bb4 4. e3 c5 5. Ne2 cxd4 6. exd4 O-O 7. a3 Be7 8. Nf4
d6 9. Be2 Nbd7 10. O-O Nb6 11. Be3 e5 12. dxe5 dxe5 13. Nfd5 Nbxd5 14. cxd5 Ne8
15. Rc1 Nd6 16. Nb5 Bd7 17. Nxd6 Bxd6 18. Qb3 Qe7 19. a4 e4 20. Qxb7 Rfb8 21.
Qa6 Rxb2 22. Bb5 h5 23. Bxd7 Qxd7 24. Rc6 Be5 25. Qc4 Re8 26. Ra6 Rb7 27. Qc6
Rd8 28. Ra5 Qe7 29. Bg5 f6 30. Be3 Bd6 31. Ra6 Rc7 32. Qb5 h4 33. Rc6 Rcd7 34.
Rfc1 Qe5 35. g3 Qf5 36. Rc8 Rxc8 37. Rxc8+ Kh7 38. Qc6 Qg4 39. h3 Qd1+ 40. Kg2
Qf3+ 41. Kg1 hxg3 42. Qxd7 gxf2+ 43. Bxf2 e3 44. Bxe3 Qxe3+ 45. Kg2 Qg3+ 46. Kf1
Qf3+ 47. Kg1 Qg3+ 48. Kf1 Qd3+ 49. Kf2 Qd4+ 50. Kf1 Qf4+ 51. Ke2 Qe4+ 52. Kf2
Qxd5 53. Qg4 Bc5+ 54. Ke2 Qa2+ 55. Kd1 Qb1+ 56. Kd2 Qb2+ 1/2-1/2

[Event "66th ch-RUS HL"]
[Site "Yekaterinburg RUS"]
[Date "2013.06.27"]
[Round "7.16"]
[White "Gabrielian, Artur"]
[Black "Iskusnyh, Sergei"]
[Result "1-0"]
[WhiteTitle "GM"]
[BlackTitle "GM"]
[WhiteElo "2545"]
[BlackElo "2489"]
[WhiteFideId "4131002"]
[BlackFideId "4120027"]
[EventDate "2013.06.20"]

1. e4 e6 2. d4 d5 3. Nc3 Nf6 4. e5 Nfd7 5. f4 c5 6. Nf3 Nc6 7. Be3 Be7 8. Qd2
O-O 9. Be2 b6 10. O-O-O c4 11. f5 b5 12. f6 gxf6 13. exf6 Nxf6 14. Bh6 Kh8 15.
Bxf8 Qxf8 16. Qf4 b4 17. Na4 Ne4 18. Bxc4 Nf2 19. Bb5 Nd8 20. Nc5 f6 21. Rhf1
Nxd1 22. Kxd1 a6 23. Ba4 Bd6 24. Ne5 f5 25. Ncd3 Ra7 26. g4 Rg7 27. Qf3 Nf7 28.
gxf5 Ng5 29. Qh5 Ne4 30. f6 Nxf6 31. Qh6 Be7 32. Nc6 Rg6 33. Qxf8+ Bxf8 34. Nde5 1-0

[Event "66th ch-RUS HL"]
[Site "Yekaterinburg RUS"]
[Date "2013.06.27"]
[Round "7.17"]
[White "Ovetchkin, Roman"]
[Black "Oparin, Grigoriy"]
[Result "1-0"]
[WhiteTitle "GM"]
[BlackTitle "IM"]
[WhiteElo "2529"]
[BlackElo "2497"]
[WhiteFideId "4119991"]
[BlackFideId "24125890"]
[EventDate "2013.06.20"]

1. d4 Nf6 2. c4 e6 3. Nf3 d5 4. g3 Bb4+ 5. Bd2 Be7 6. Bg2 O-O 7. O-O c6 8. Qc2
b6 9. Rd1 Bb7 10. Bf4 Nbd7 11. Ne5 Nh5 12. Bd2 Nhf6 13. cxd5 cxd5 14. Nc6 Bxc6
15. Qxc6 Qb8 16. Qb5 a6 17. Qd3 b5 18. Be1 Nb6 19. e3 Rc8 20. Nc3 b4 21. Ne2 Nc4
22. Rab1 Qb6 23. f3 Rc7 24. Bf2 Rac8 25. g4 Qa5 26. Be1 Qb5 27. Rdc1 Qb6 28. b3
Na3 29. Rxc7 Rxc7 30. Rc1 Nb5 31. Qd2 Ne8 32. Rxc7 Qxc7 33. Qc1 Bd6 34. Qxc7
Nexc7 35. Bf1 f6 36. Nc1 Kf7 37. Bd3 g6 38. h4 a5 39. Ne2 e5 40. dxe5 Bxe5 41.
f4 Bb2 42. f5 g5 43. hxg5 fxg5 44. Bg3 Bf6 45. Nd4 Nxd4 46. Bxc7 Nc6 47. Bb5 Bd8
48. Bg3 Ne7 49. Bd7 Kf6 50. Be8 Ng8 51. Kf2 Ke7 52. Bc6 Nf6 53. Kf3 h5 54. gxh5
Nxh5 55. Be5 Nf6 56. e4 dxe4+ 57. Bxe4 Bb6 58. Bc6 Bc5 59. Bc7 g4+ 60. Kg2 Bd6
61. Bxa5 Nh5 62. Be4 Nf6 63. Bc6 Nh5 64. Be4 Nf6 65. Bb7 Nh5 66. Bc8 Ng7 67. f6+
Kxf6 68. Bxg4 Nf5 69. Kf3 Ke5 70. Ke2 Nd4+ 71. Kd3 Kd5 72. Bb6 Bc5 73. Bd8 Bd6
74. Bh4 Kc5 75. Bf2 Be5 76. Be6 Bf6 77. Bg8 Bg7 78. Be3 Bf6 79. Bf7 Bg7 80. Bc4
Bf6 81. Ke4 Bg7 82. Bd5 Bf6 83. Bh6 Be7 84. Bc4 Nb5 85. Kd3 Nd4 86. Bc1 Nb5 87.
Be3+ Kc6 88. Bf7 Nd6 89. Bh5 Bf6 90. Bc1 Be5 91. Bg4 Kb6 92. Bd7 Kc5 93. Be3+
Kd5 94. Bf2 Ne4 95. Be6+ Kxe6 96. Kxe4 Bc3 97. Bc5 Be1 98. Kd4 Kd7 99. Kc4 Kc6
100. Bxb4 Bf2 101. a3 Be3 102. Bc3 Bc1 103. a4 Ba3 104. Bb4 Bc1 105. Bc5 Bd2
106. Bd4 Ba5 107. Bc3 Bc7 108. b4 Kb7 109. b5 Bb6 110. a5 Bd8 111. a6+ Ka8 112.
Kc5 Bc7 113. Kc6 Bd8 114. Be5 Bb6 115. Bd6 Ba7 116. Bc5 1-0

[Event "66th ch-RUS HL"]
[Site "Yekaterinburg RUS"]
[Date "2013.06.27"]
[Round "7.19"]
[White "Korniushin, Nikolay"]
[Black "Sek, Konstantin"]
[Result "1/2-1/2"]
[WhiteTitle "IM"]
[WhiteElo "2373"]
[BlackElo "2463"]
[WhiteFideId "4123808"]
[BlackFideId "24104302"]
[EventDate "2013.06.20"]

1. d4 Nf6 2. c4 c5 3. d5 e6 4. Nc3 exd5 5. cxd5 d6 6. g3 g6 7. Bg2 Bg7 8. Nf3
O-O 9. O-O Re8 10. Nd2 Nbd7 11. a4 a6 12. a5 b5 13. axb6 Nxb6 14. Nb3 Bf5 15. f3
Nc4 16. e4 Bd7 17. Re1 Qb6 18. Qc2 Rab8 19. Bf1 Ne5 20. Nd2 c4+ 21. Kg2 Bb5 22.
Nxb5 axb5 23. Be2 Ra8 24. Rxa8 Rxa8 25. b3 c3 26. Nf1 Qa5 27. f4 Ned7 28. Bf3
Re8 29. Be3 h5 30. Bd4 b4 31. Ne3 Qc7 32. Ra1 Ng4 33. Bxg4 Bxd4 34. Bxd7 Qxd7
35. Nc4 h4 36. Qd3 h3+ 37. Kf3 Bg7 38. g4 Qb5 39. Ra5 Qb8 40. g5 Qc7 41. Qe3 Rc8
42. Ra6 Qb7 43. Ra5 Ra8 44. Qb6 Qxb6 45. Rxa8+ Kh7 46. Nxb6 c2 47. Rc8 Bc3 48.
Nd7 f5 49. Nf8+ Kg7 50. Ne6+ Kf7 51. Rc7+ Ke8 52. Rc8+ 1/2-1/2

[Event "66th ch-RUS HL"]
[Site "Yekaterinburg RUS"]
[Date "2013.06.27"]
[Round "7.20"]
[White "Levin, Evgeny A."]
[Black "Ovod, Evgenija"]
[Result "1/2-1/2"]
[WhiteTitle "GM"]
[BlackTitle "IM"]
[WhiteElo "2512"]
[BlackElo "2387"]
[WhiteFideId "4182596"]
[BlackFideId "4131827"]
[EventDate "2013.06.20"]

1. Nf3 Nf6 2. d4 d5 3. c4 c6 4. e3 Bg4 5. Nc3 e6 6. h3 Bh5 7. g4 Bg6 8. Ne5 Nbd7
9. Nxg6 hxg6 10. a3 g5 11. Bd2 Bd6 12. Qf3 Qe7 13. O-O-O O-O-O 14. Kb1 Kb8 15.
Rc1 Nf8 16. Bd3 Rh6 17. Qg2 N6d7 18. f4 gxf4 19. exf4 dxc4 20. Bxc4 Nb6 21. Bb3
Bc7 22. Ne4 f5 23. Bb4 Qe8 24. Bxf8 Qxf8 25. Nc5 Bxf4 26. Rcf1 Rxd4 27. Nxe6
Rxe6 28. Bxe6 Qf6 29. Rxf4 Rxf4 30. gxf5 Qd4 31. Rc1 Nc8 32. Qg5 Rf2 33. Rc3
Rf1+ 34. Ka2 Rg1 35. Qe3 Qxe3 36. Rxe3 Nd6 37. Rf3 Ne4 38. Rd3 Nc5 39. Re3 Kc7
40. Bf7 a5 41. b4 1/2-1/2

[Event "66th ch-RUS HL"]
[Site "Yekaterinburg RUS"]
[Date "2013.06.27"]
[Round "7.21"]
[White "Airapetian, Gor"]
[Black "Nozdrachev, Leonid"]
[Result "0-1"]
[WhiteTitle "IM"]
[BlackTitle "FM"]
[WhiteElo "2448"]
[BlackElo "2389"]
[WhiteFideId "4177916"]
[BlackFideId "24113433"]
[EventDate "2013.06.20"]

1. d4 Nf6 2. c4 g6 3. Nc3 Bg7 4. e4 O-O 5. Nf3 d6 6. h3 e5 7. d5 Nh5 8. Nh2 Qe8
9. Be2 Nf4 10. Bf3 f5 11. g3 Nxh3 12. Bg2 Qf7 13. Qf3 fxe4 14. Qxf7+ Rxf7 15.
Be3 Na6 16. Nf1 Nf4 17. Bxe4 Nh5 18. Nd2 Nf6 19. a3 Ng4 20. Bc2 Nxe3 21. fxe3
Nc5 22. b4 e4 23. bxc5 Bxc3 24. O-O-O Bg4 25. Rdf1 Rxf1+ 26. Rxf1 Be2 27. Rf4
Bxd2+ 28. Kxd2 Bxc4 29. cxd6 Bxd5 30. dxc7 Rc8 31. Bxe4 Bxe4 32. Rxe4 Rxc7 33.
Ra4 b6 34. Ra6 Kf7 35. a4 Rd7+ 36. Kc3 Ke6 37. a5 Kd5 38. axb6 axb6 39. Ra4 b5
40. Rd4+ Kc6 41. Rh4 Kc5 42. Rg4 Rf7 43. Rg5+ Rf5 44. Rg4 Re5 45. Kd3 g5 46. Ke2
Rd5 47. Re4 b4 48. Re7 b3 49. Rxh7 Kc4 50. Rh1 b2 51. Kf3 Rb5 0-1

[Event "66th ch-RUS HL"]
[Site "Yekaterinburg RUS"]
[Date "2013.06.27"]
[Round "7.22"]
[White "Egorov, Dmitry"]
[Black "Ulanov, Alexandr"]
[Result "0-1"]
[WhiteTitle "FM"]
[BlackTitle "IM"]
[WhiteElo "2355"]
[BlackElo "2425"]
[WhiteFideId "4128303"]
[BlackFideId "24107646"]
[EventDate "2013.06.20"]

1. e4 e6 2. d4 d5 3. e5 b6 4. c3 Qd7 5. f4 Ba6 6. Bxa6 Nxa6 7. Qd3 Nb8 8. Ne2 h5
9. O-O Nh6 10. Nd2 c5 11. a3 a5 12. Qf3 Nf5 13. Nc4 Nh4 14. Qf2 dxc4 15. Qxh4
Nc6 16. Be3 Ne7 17. Qh3 Nf5 18. Bf2 O-O-O 19. g4 Ne7 20. dxc5 bxc5 21. Bxc5 hxg4
22. Qg2 Qd5 23. Rad1 Qxc5+ 0-1